[Event "Greek Team Championship"]
[Site "chess24.com"]
[Date "2017.07.05"]
[Round "4"]
[White "Kartsidima, Aggeliki"]
[Black "Grafakou, Sotiria-Aphrodite"]
[Result "0-1"]
[Board "7"]
[WhiteElo "1224"]
[WhiteCountry "GRE"]
[WhiteFideId "25818031"]
[WhiteEloChange "-2"]
[BlackElo "1695"]
[BlackCountry "GRE"]
[BlackFideId "4249879"]
[BlackEloChange "2"]

1. e4 {[%clk 1:30:55]} c5 {[%clk 1:30:48]} 2. c3 {[%clk 1:30:41]} g6 {[%clk
1:31:02]} 3. d4 {[%clk 1:29:56]} cxd4 {[%clk 1:31:07]} 4. cxd4 {[%clk 1:29:13]}
d5 {[%clk 1:31:17]} 5. exd5 {[%clk 1:27:04]} Nf6 {[%clk 1:31:02]} 6. Nf3 {[%clk
1:23:11]} Nxd5 {[%clk 1:28:48]} 7. Bc4 {[%clk 1:20:04]} Bg7 {[%clk 1:25:21]} 8.
O-O {[%clk 1:17:38]} O-O {[%clk 1:24:19]} 9. Nc3 {[%clk 1:12:09]} Nf6 {[%clk
1:22:25]} 10. h3 {[%clk 1:10:05]} Nc6 {[%clk 1:18:59]} 11. Be3 {[%clk 1:07:58]}
b6 {[%clk 1:09:05]} 12. Qe2 {[%clk 1:04:47]} Bb7 {[%clk 1:04:44]} 13. Rfd1 {[%clk
1:03:11]} Nb4 {[%clk 1:00:44]} 14. Rac1 {[%clk 0:57:42]} Rc8 {[%clk 0:55:10]} 15.
Bb3 {[%clk 0:54:04]} Nbd5 {[%clk 0:47:02]} 16. Bg5 {[%clk 0:46:51]} h6 {[%clk
0:39:44]} 17. Bxf6 {[%clk 0:43:08]} Nxf6 {[%clk 0:36:57]} 18. Ne5 {[%clk
0:39:25]} e6 {[%clk 0:32:44]} 19. Nxg6 {[%clk 0:30:22]} Re8 {[%clk 0:29:48]} 20.
Ne5 {[%clk 0:27:53]} Qe7 {[%clk 0:27:55]} 21. Ng4 {[%clk 0:19:45]} Nxg4 {[%clk
0:19:13]} 22. Qxg4 {[%clk 0:20:04]} Red8 {[%clk 0:18:02]} 23. Rd3 {[%clk
0:19:25]} Kh8 {[%clk 0:16:17]} 24. Rcd1 {[%clk 0:16:39]} Rg8 {[%clk 0:14:48]} 25.
Qe2 {[%clk 0:16:25]} Ba6 {[%clk 0:14:17]} 26. Bc2 {[%clk 0:16:03]} Bxd3 {[%clk
0:14:24]} 27. Qxd3 {[%clk 0:16:26]} f5 {[%clk 0:14:49]} 28. Ne2 {[%clk 0:16:04]}
Bf6 {[%clk 0:13:47]} 29. Bb3 {[%clk 0:14:02]} Bg5 {[%clk 0:08:27]} 30. Ng3 {[%clk
0:13:16]} Rgf8 {[%clk 0:06:18]} 31. d5 {[%clk 0:12:04]} Rcd8 {[%clk 0:06:35]} 32.
d6 {[%clk 0:10:48]} Qd7 {[%clk 0:05:32]} 33. Qe2 {[%clk 0:09:52]} Rfe8 {[%clk
0:04:23]} 34. Qe5+ {[%clk 0:07:17]} Qg7 {[%clk 0:03:39]} 35. Qe2 {[%clk 0:06:55]}
Qf7 {[%clk 0:03:00]} 36. Ba4 {[%clk 0:06:04]} Rf8 {[%clk 0:02:38]} 37. Bb3 {[%clk
0:06:14]} Rfe8 {[%clk 0:02:50]} 38. Ba4 {[%clk 0:06:36]} Rg8 {[%clk 0:03:08]} 39.
Bb3 {[%clk 0:06:58]} Rg6 {[%clk 0:03:03]} 40. Qc4 {[%clk 0:34:36]} Kh7 {[%clk
0:31:15]} 41. h4 {[%clk 0:34:15]} Bf6 {[%clk 0:29:02]} 42. Qxe6 {[%clk 0:34:24]}
Qxe6 {[%clk 0:26:50]} 43. Bxe6 {[%clk 0:34:43]} Kh8 {[%clk 0:26:37]} 44. Bxf5
{[%clk 0:34:33]} Rg7 {[%clk 0:26:49]} 45. Nh5 {[%clk 0:34:06]} Rf7 {[%clk
0:26:56]} 46. Re1 {[%clk 0:25:28]} Bxh4 {[%clk 0:25:52]} 47. d7 {[%clk 0:24:40]}
Bxf2+ {[%clk 0:25:48]} 48. Kxf2 {[%clk 0:24:58]} Rxf5+ {[%clk 0:26:00]} 49. Nf4
{[%clk 0:24:51]} Rxd7 {[%clk 0:24:48]} 50. Kg3 {[%clk 0:24:34]} Rg5+ {[%clk
0:20:24]} 51. Kf3 {[%clk 0:22:15]} Rd2 {[%clk 0:20:07]} 52. Re8+ {[%clk 0:20:38]}
Rg8 {[%clk 0:20:21]} 53. Re7 {[%clk 0:19:31]} Rg7 {[%clk 0:20:23]} 54. Re8+
{[%clk 0:18:12]} Kh7 {[%clk 0:20:32]} 55. Re2 {[%clk 0:18:30]} Rxe2 {[%clk
0:20:23]} 56. Kxe2 {[%clk 0:18:48]} Rc7 {[%clk 0:19:51]} 57. Kd2 {[%clk 0:19:06]}
Rc4 {[%clk 0:19:56]} 58. g3 {[%clk 0:19:07]} Kg7 {[%clk 0:19:57]} 59. b3 {[%clk
0:19:04]} Rc6 {[%clk 0:19:38]} 60. Kd3 {[%clk 0:19:16]} Kf6 {[%clk 0:19:44]} 61.
Ke4 {[%clk 0:18:19]} Kg5 {[%clk 0:19:38]} 62. Ne2 {[%clk 0:18:31]} Rc2 {[%clk
0:19:28]} 63. Nd4 {[%clk 0:18:42]} Rxa2 {[%clk 0:19:35]} 64. b4 {[%clk 0:19:00]}
Kg4 {[%clk 0:19:46]} 65. b5 {[%clk 0:18:44]} h5 {[%clk 0:19:17]} 66. Kd5 {[%clk
0:18:56]} Kxg3 {[%clk 0:18:47]} 67. Kc6 {[%clk 0:19:20]} h4 {[%clk 0:18:57]} 68.
Nf5+ {[%clk 0:19:39]} Kg4 {[%clk 0:19:08]} 69. Nxh4 {[%clk 0:19:42]} Kxh4 {[%clk
0:19:35]} 70. Kb7 {[%clk 0:20:02]} Kg5 {[%clk 0:19:59]} 71. Kc6 {[%clk 0:20:24]}
Ra5 {[%clk 0:20:18]} 72. Kb7 {[%clk 0:20:44]} Kf6 {[%clk 0:20:41]} 73. Kc6 {[%clk
0:21:11]} Ke6 {[%clk 0:21:01]} 74. Kb7 {[%clk 0:21:29]} Kd6 {[%clk 0:21:00]} 75.
Kc8 {[%clk 0:21:52]} Rxb5 {[%clk 0:21:22]} 0-1

[Event "Greek Team Championship"]
[Site "chess24.com"]
[Date "2017.07.05"]
[Round "4"]
[White "Gkikas, Vasilios"]
[Black "Tsiros, Fragkiskos Vlasios"]
[Result "0-1"]
[Board "8"]
[WhiteElo "1981"]
[WhiteCountry "GRE"]
[WhiteFideId "4256662"]
[WhiteEloChange "-5"]
[BlackElo "2163"]
[BlackCountry "GRE"]
[BlackFideId "4228200"]
[BlackEloChange "5"]

1. d4 {[%clk 1:29:31]} d6 {[%clk 1:30:55]} 2. Nf3 {[%clk 1:28:16]} g6 {[%clk
1:31:09]} 3. c4 {[%clk 1:28:24]} Bg7 {[%clk 1:31:30]} 4. Nc3 {[%clk 1:28:44]} Bg4
{[%clk 1:31:58]} 5. Qb3 {[%clk 1:14:34]} Qc8 {[%clk 1:30:10]} 6. e3 {[%clk
1:14:45]} Nf6 {[%clk 1:30:08]} 7. Be2 {[%clk 1:14:43]} O-O {[%clk 1:29:46]} 8.
O-O {[%clk 1:13:53]} Re8 {[%clk 1:26:18]} 9. Bd2 {[%clk 0:58:01]} e5 {[%clk
1:24:29]} 10. c5 {[%clk 0:54:52]} e4 {[%clk 1:12:33]} 11. Ng5 {[%clk 0:50:16]}
Bxe2 {[%clk 1:06:13]} 12. Nxe2 {[%clk 0:50:20]} Qg4 {[%clk 0:52:02]} 13. Nxf7
{[%clk 0:38:09]} d5 {[%clk 0:52:22]} 14. f3 {[%clk 0:37:45]} exf3 {[%clk
0:52:14]} 15. Ne5 {[%clk 0:38:07]} Qxg2# {[%clk 0:52:35]} 0-1

[Event "Greek Team Championship"]
[Site "chess24.com"]
[Date "2017.07.05"]
[Round "4"]
[White "Trimitzios, Petros"]
[Black "Gkikas, Ioannis"]
[Result "1-0"]
[Board "9"]
[WhiteElo "2199"]
[WhiteCountry "GRE"]
[WhiteFideId "25808796"]
[WhiteEloChange "2"]
[BlackElo "1546"]
[BlackCountry "GRE"]
[BlackFideId "4264550"]
[BlackEloChange "-2"]

1. Nf3 {[%clk 1:30:54]} Nf6 {[%clk 1:30:27]} 2. c4 {[%clk 1:30:56]} c5 {[%clk
1:29:39]} 3. Nc3 {[%clk 1:29:31]} g6 {[%clk 1:27:26]} 4. g3 {[%clk 1:28:45]} Bg7
{[%clk 1:27:16]} 5. Bg2 {[%clk 1:29:02]} O-O {[%clk 1:24:13]} 6. d4 {[%clk
1:29:25]} cxd4 {[%clk 1:21:59]} 7. Nxd4 {[%clk 1:29:41]} Nc6 {[%clk 1:19:50]} 8.
O-O {[%clk 1:29:57]} a6 {[%clk 1:17:40]} 9. Nc2 {[%clk 1:22:45]} d6 {[%clk
1:05:53]} 10. b3 {[%clk 1:18:45]} Ne4 {[%clk 0:56:55]} 11. Nxe4 {[%clk 1:19:12]}
Bxa1 {[%clk 0:55:29]} 12. Nxa1 {[%clk 1:19:41]} Bf5 {[%clk 0:49:00]} 13. Nc2
{[%clk 1:17:34]} Ne5 {[%clk 0:23:53]} 14. Ne3 {[%clk 1:12:55]} Be6 {[%clk
0:17:27]} 15. Bb2 {[%clk 1:11:03]} f6 {[%clk 0:09:20]} 16. Nd5 {[%clk 1:08:01]}
Bf7 {[%clk 0:04:51]} 17. f4 {[%clk 1:07:11]} Nd7 {[%clk 0:04:45]} 18. Bh3 {[%clk
1:06:39]} f5 {[%clk 0:02:59]} 19. Ng5 {[%clk 1:05:58]} Nf6 {[%clk 0:02:18]} 20.
Nxf7 {[%clk 1:05:48]} Rxf7 {[%clk 0:02:16]} 21. Bg2 {[%clk 1:06:13]} Rf8 {[%clk
0:01:40]} 22. Qd4 {[%clk 1:05:05]} h6 {[%clk 0:00:59]} 23. h3 {[%clk 1:03:13]}
Kh7 {[%clk 0:00:38]} 24. g4 {[%clk 1:03:27]} Rf7 {[%clk 0:00:51]} 25. Nxf6+
{[%clk 1:02:48]} exf6 {[%clk 0:01:11]} 26. gxf5 {[%clk 1:02:48]} gxf5 {[%clk
0:01:26]} 27. Qd5 {[%clk 1:03:37]} Qg8 {[%clk 0:01:20]} 28. Qxf5+ {[%clk
1:03:31]} Qg6 {[%clk 0:01:41]} 29. Qxg6+ {[%clk 1:03:49]} Kxg6 {[%clk 0:02:06]}
30. Bd5 {[%clk 1:04:09]} Re7 {[%clk 0:02:16]} 31. f5+ {[%clk 1:04:27]} Kg7 {[%clk
0:02:09]} 32. Kf2 {[%clk 1:04:52]} Rae8 {[%clk 0:02:04]} 33. e4 {[%clk 1:05:20]}
Rf8 {[%clk 0:02:04]} 34. Rg1+ {[%clk 1:05:20]} Kh7 {[%clk 0:02:25]} 35. Rg6
{[%clk 1:05:04]} Rg7 {[%clk 0:02:36]} 36. Rxf6 {[%clk 1:05:25]} Rxf6 {[%clk
0:03:02]} 37. Bxf6 {[%clk 1:05:54]} Rc7 {[%clk 0:03:03]} 38. Ke3 {[%clk 1:05:47]}
b5 {[%clk 0:03:02]} 39. Kd4 {[%clk 1:03:46]} bxc4 {[%clk 0:03:05]} 40. bxc4
{[%clk 1:34:14]} Rc8 {[%clk 0:33:10]} 41. Be7 {[%clk 1:34:31]} Rb8 {[%clk
0:33:16]} 42. f6 {[%clk 1:34:52]} 1-0

[Event "Greek Team Championship"]
[Site "chess24.com"]
[Date "2017.07.05"]
[Round "4"]
[White "Spanos, Dimitrios"]
[Black "Rousis, Chrysostomos"]
[Result "0-1"]
[Board "10"]
[WhiteElo "1353"]
[WhiteCountry "GRE"]
[WhiteFideId "25807846"]
[WhiteEloChange "-4"]
[BlackElo "1615"]
[BlackCountry "CYP"]
[BlackFideId "5902860"]
[BlackEloChange "4"]

1. d4 {[%clk 1:30:56]} Nf6 {[%clk 1:30:48]} 2. c4 {[%clk 1:31:21]} e6 {[%clk
1:31:06]} 3. Nc3 {[%clk 1:31:43]} Bb4 {[%clk 1:31:20]} 4. e3 {[%clk 1:32:08]}
Bxc3+ {[%clk 1:31:31]} 5. bxc3 {[%clk 1:32:33]} d6 {[%clk 1:31:35]} 6. f3 {[%clk
1:31:52]} Qe7 {[%clk 1:30:36]} 7. Bd3 {[%clk 1:31:59]} e5 {[%clk 1:29:16]} 8. Ne2
{[%clk 1:32:06]} O-O {[%clk 1:29:03]} 9. O-O {[%clk 1:32:13]} c5 {[%clk 1:29:12]}
10. Re1 {[%clk 1:31:30]} Re8 {[%clk 1:27:35]} 11. Bb2 {[%clk 1:30:39]} Nbd7
{[%clk 1:27:48]} 12. Ng3 {[%clk 1:30:20]} Nf8 {[%clk 1:25:12]} 13. Bf5 {[%clk
1:28:42]} Bxf5 {[%clk 1:19:02]} 14. Nxf5 {[%clk 1:29:03]} Qe6 {[%clk 1:19:27]}
15. Qd3 {[%clk 1:28:05]} Ng6 {[%clk 1:16:14]} 16. Ng3 {[%clk 1:27:14]} e4 {[%clk
1:12:42]} 17. Qe2 {[%clk 1:24:25]} exf3 {[%clk 1:07:08]} 18. Qxf3 {[%clk
1:23:47]} Ne4 {[%clk 1:07:02]} 19. Nxe4 {[%clk 1:21:42]} Qxe4 {[%clk 1:06:36]}
20. Qg3 {[%clk 1:16:16]} Re6 {[%clk 1:05:22]} 21. Rab1 {[%clk 1:10:49]} Rae8
{[%clk 1:02:35]} 22. Qf2 {[%clk 0:55:33]} Rf6 {[%clk 0:58:42]} 23. Qd2 {[%clk
0:55:30]} Nh4 {[%clk 0:58:57]} 24. Rbd1 {[%clk 0:54:27]} Rg6 {[%clk 0:54:39]} 25.
Kf1 {[%clk 0:54:51]} Rxg2 {[%clk 0:49:15]} 26. Re2 {[%clk 0:54:37]} Nf3 {[%clk
0:49:35]} 27. Qd3 {[%clk 0:54:09]} Rg1+ {[%clk 0:49:08]} 28. Kf2 {[%clk 0:53:29]}
Qh4+ {[%clk 0:49:22]} 29. Kxf3 {[%clk 0:53:50]} Qg4+ {[%clk 0:49:22]} 0-1

[Event "Greek Team Championship"]
[Site "chess24.com"]
[Date "2017.07.05"]
[Round "4"]
[White "Firman, Nazar"]
[Black "Balaskas, Nikolaos"]
[Result "1-0"]
[Board "1"]
[WhiteElo "2512"]
[WhiteTitle "GM"]
[WhiteCountry "UKR"]
[WhiteFideId "14104490"]
[WhiteEloChange "1"]
[BlackElo "2160"]
[BlackCountry "GRE"]
[BlackFideId "4201434"]
[BlackEloChange "-2"]

1. e4 {[%clk 1:17:49]} c5 {[%clk 1:30:47]} 2. Nf3 {[%clk 1:18:13]} d6 {[%clk
1:31:01]} 3. c3 {[%clk 1:18:23]} Nf6 {[%clk 1:30:04]} 4. Bd3 {[%clk 1:18:40]} Nc6
{[%clk 1:26:33]} 5. h3 {[%clk 1:14:11]} g6 {[%clk 1:21:06]} 6. O-O {[%clk
1:14:33]} Bg7 {[%clk 1:20:15]} 7. Re1 {[%clk 1:14:55]} O-O {[%clk 1:20:18]} 8.
Na3 {[%clk 1:12:42]} b6 {[%clk 1:04:37]} 9. Bb5 {[%clk 0:58:54]} Bb7 {[%clk
0:57:26]} 10. d4 {[%clk 0:58:19]} cxd4 {[%clk 0:50:25]} 11. cxd4 {[%clk 0:58:46]}
a6 {[%clk 0:46:13]} 12. Bf1 {[%clk 0:59:00]} d5 {[%clk 0:40:10]} 13. e5 {[%clk
0:59:11]} Ne4 {[%clk 0:40:32]} 14. Nc2 {[%clk 0:59:03]} e6 {[%clk 0:34:14]} 15.
Be3 {[%clk 0:53:09]} Ne7 {[%clk 0:30:13]} 16. g4 {[%clk 0:49:20]} Nc6 {[%clk
0:27:06]} 17. g5 {[%clk 0:34:55]} Ne7 {[%clk 0:26:51]} 18. Nh4 {[%clk 0:29:06]}
Nf5 {[%clk 0:07:09]} 19. Nxf5 {[%clk 0:27:18]} exf5 {[%clk 0:04:35]} 20. h4
{[%clk 0:26:50]} h6 {[%clk 0:04:20]} 21. f3 {[%clk 0:23:03]} Ng3 {[%clk 0:03:54]}
22. Bd3 {[%clk 0:17:48]} hxg5 {[%clk 0:02:32]} 23. hxg5 {[%clk 0:18:16]} Qd7
{[%clk 0:00:54]} 24. Kf2 {[%clk 0:15:48]} f4 {[%clk 0:00:36]} 25. Bxf4 {[%clk
0:15:54]} Nf5 {[%clk 0:00:46]} 26. Rh1 {[%clk 0:13:54]} Rfc8 {[%clk 0:01:05]} 27.
Rh2 {[%clk 0:12:30]} Rc4 {[%clk 0:00:48]} 28. Bxf5 {[%clk 0:07:35]} Qxf5 {[%clk
0:01:14]} 29. Kg3 {[%clk 0:08:04]} Rc7 {[%clk 0:00:42]} 30. Ne3 {[%clk 0:08:19]}
Qe6 {[%clk 0:00:37]} 31. Qh1 {[%clk 0:08:37]} Rac8 {[%clk 0:00:36]} 32. Rh7
{[%clk 0:07:24]} a5 {[%clk 0:00:37]} 33. Rxg7+ {[%clk 0:07:45]} 1-0

[Event "Greek Team Championship"]
[Site "chess24.com"]
[Date "2017.07.05"]
[Round "4"]
[White "Kalogridakis, Georgios"]
[Black "Maier, Christian"]
[Result "0-1"]
[Board "2"]
[WhiteElo "2116"]
[WhiteCountry "GRE"]
[WhiteFideId "4249666"]
[WhiteEloChange "-3"]
[BlackElo "2388"]
[BlackTitle "IM"]
[BlackCountry "GER"]
[BlackFideId "4601955"]
[BlackEloChange "3"]

1. e4 {[%clk 1:30:49]} e6 {[%clk 1:28:19]} 2. d4 {[%clk 1:31:01]} d5 {[%clk
1:28:43]} 3. Nd2 {[%clk 1:30:59]} c5 {[%clk 1:28:00]} 4. Ngf3 {[%clk 1:30:48]}
Nc6 {[%clk 1:27:50]} 5. exd5 {[%clk 1:30:22]} exd5 {[%clk 1:28:07]} 6. Bb5 {[%clk
1:30:20]} Bd6 {[%clk 1:28:32]} 7. O-O {[%clk 1:29:51]} Ne7 {[%clk 1:28:56]} 8.
dxc5 {[%clk 1:29:55]} Bxc5 {[%clk 1:29:20]} 9. Nb3 {[%clk 1:30:23]} Bd6 {[%clk
1:29:35]} 10. Re1 {[%clk 1:30:07]} O-O {[%clk 1:29:47]} 11. Bg5 {[%clk 1:30:02]}
Bg4 {[%clk 1:17:36]} 12. c3 {[%clk 1:23:43]} Qc7 {[%clk 1:12:02]} 13. h3 {[%clk
1:18:43]} Bh5 {[%clk 1:12:17]} 14. Be2 {[%clk 1:12:57]} Bg6 {[%clk 1:03:36]} 15.
Nbd4 {[%clk 1:08:27]} a6 {[%clk 1:00:57]} 16. Bd3 {[%clk 0:58:10]} Rfe8 {[%clk
0:57:55]} 17. Qd2 {[%clk 0:52:28]} h6 {[%clk 0:46:43]} 18. Be3 {[%clk 0:50:16]}
Be4 {[%clk 0:46:54]} 19. Nh4 {[%clk 0:23:13]} Nxd4 {[%clk 0:42:35]} 20. Bxd4
{[%clk 0:21:25]} Nc6 {[%clk 0:38:41]} 21. Bxe4 {[%clk 0:15:53]} dxe4 {[%clk
0:37:09]} 22. Nf5 {[%clk 0:10:17]} Bh2+ {[%clk 0:37:05]} 23. Kh1 {[%clk 0:10:24]}
Bf4 {[%clk 0:37:03]} 24. Be3 {[%clk 0:08:59]} Bxe3 {[%clk 0:31:07]} 25. Rxe3
{[%clk 0:07:41]} Re6 {[%clk 0:28:57]} 26. Rae1 {[%clk 0:06:17]} Qf4 {[%clk
0:27:34]} 27. Ng3 {[%clk 0:05:32]} Rae8 {[%clk 0:27:03]} 28. R3e2 {[%clk
0:00:52]} Qxd2 {[%clk 0:26:18]} 29. Rxd2 {[%clk 0:01:20]} g6 {[%clk 0:26:39]} 30.
Rde2 {[%clk 0:00:35]} f5 {[%clk 0:27:02]} 31. f3 {[%clk 0:00:37]} Ne5 {[%clk
0:26:09]} 32. fxe4 {[%clk 0:00:39]} f4 {[%clk 0:26:28]} 33. Nf1 {[%clk 0:00:45]}
g5 {[%clk 0:23:39]} 34. Nd2 {[%clk 0:00:40]} Nd3 {[%clk 0:23:13]} 35. Rb1 {[%clk
0:00:58]} Kg7 {[%clk 0:23:33]} 36. Kg1 {[%clk 0:00:54]} Kg6 {[%clk 0:23:42]} 37.
b3 {[%clk 0:01:19]} h5 {[%clk 0:23:58]} 38. Rd1 {[%clk 0:01:04]} Nc5 {[%clk
0:23:10]} 39. Kf1 {[%clk 0:00:34]} g4 {[%clk 0:23:21]} 40. hxg4 {[%clk 0:30:38]}
hxg4 {[%clk 0:53:42]} 41. e5 {[%clk 0:15:19]} Rh8 {[%clk 0:46:07]} 42. Kg1 {[%clk
0:12:59]} Kf5 {[%clk 0:45:36]} 43. Nc4 {[%clk 0:06:04]} Ne4 {[%clk 0:32:37]} 44.
Nd6+ {[%clk 0:02:06]} Nxd6 {[%clk 0:33:00]} 45. Rxd6 {[%clk 0:02:32]} Rxe5 {[%clk
0:33:26]} 46. Rxe5+ {[%clk 0:01:16]} Kxe5 {[%clk 0:33:51]} 47. Rd7 {[%clk
0:01:01]} b5 {[%clk 0:34:16]} 48. Kf2 {[%clk 0:00:41]} Rc8 {[%clk 0:34:26]} 49.
Rd3 {[%clk 0:00:40]} Rh8 {[%clk 0:32:03]} 50. Rd7 {[%clk 0:00:57]} Rh1 {[%clk
0:31:36]} 51. Re7+ {[%clk 0:00:50]} Kf6 {[%clk 0:31:53]} 52. Re8 {[%clk 0:00:41]}
Ra1 {[%clk 0:31:52]} 53. Rf8+ {[%clk 0:00:53]} Ke5 {[%clk 0:32:16]} 54. Re8+
{[%clk 0:00:36]} Kf5 {[%clk 0:32:41]} 55. Rf8+ {[%clk 0:00:34]} Ke4 {[%clk
0:33:05]} 56. Re8+ {[%clk 0:00:41]} Kd3 {[%clk 0:33:30]} 57. c4 {[%clk 0:00:56]}
Rxa2+ {[%clk 0:32:54]} 58. Kf1 {[%clk 0:01:25]} bxc4 {[%clk 0:30:21]} 59. bxc4
{[%clk 0:01:51]} g3 {[%clk 0:30:44]} 60. c5 {[%clk 0:00:40]} Rf2+ {[%clk
0:29:47]} 61. Ke1 {[%clk 0:00:38]} Rxg2 {[%clk 0:29:15]} 62. Rd8+ {[%clk
0:01:06]} Ke3 {[%clk 0:29:31]} 63. Re8+ {[%clk 0:01:28]} Kf3 {[%clk 0:29:53]} 64.
Kd1 {[%clk 0:01:38]} Rg1+ {[%clk 0:29:32]} 65. Kd2 {[%clk 0:02:03]} g2 {[%clk
0:29:32]} 66. Rg8 {[%clk 0:02:25]} Rh1 {[%clk 0:29:55]} 0-1

[Event "Greek Team Championship"]
[Site "chess24.com"]
[Date "2017.07.05"]
[Round "4"]
[White "Skembris, Spyridon"]
[Black "Seretakis, Nikolas"]
[Result "1-0"]
[Board "3"]
[WhiteElo "2386"]
[WhiteTitle "GM"]
[WhiteCountry "GRE"]
[WhiteFideId "4200020"]
[WhiteEloChange "3"]
[BlackElo "2095"]
[BlackCountry "GRE"]
[BlackFideId "4201493"]
[BlackEloChange "-3"]

1. c4 {[%clk 1:30:52]} e5 {[%clk 1:30:46]} 2. g3 {[%clk 1:30:28]} Nf6 {[%clk
1:31:06]} 3. Bg2 {[%clk 1:30:52]} d5 {[%clk 1:31:18]} 4. cxd5 {[%clk 1:31:10]}
Nxd5 {[%clk 1:31:44]} 5. Nc3 {[%clk 1:31:28]} Nb6 {[%clk 1:31:51]} 6. Nf3 {[%clk
1:29:21]} Nc6 {[%clk 1:32:14]} 7. O-O {[%clk 1:29:40]} Be7 {[%clk 1:32:27]} 8. a3
{[%clk 1:28:33]} O-O {[%clk 1:31:49]} 9. b4 {[%clk 1:28:48]} Be6 {[%clk 1:29:49]}
10. d3 {[%clk 1:27:37]} a5 {[%clk 1:25:50]} 11. b5 {[%clk 1:27:55]} Nd4 {[%clk
1:26:14]} 12. Nd2 {[%clk 1:28:05]} c6 {[%clk 1:26:00]} 13. bxc6 {[%clk 1:27:52]}
Nxc6 {[%clk 1:25:01]} 14. Rb1 {[%clk 1:27:56]} a4 {[%clk 1:20:41]} 15. Bb2 {[%clk
1:12:03]} f6 {[%clk 1:19:28]} 16. Kh1 {[%clk 1:08:48]} Qd7 {[%clk 1:11:59]} 17.
f4 {[%clk 1:06:22]} Rfd8 {[%clk 0:42:21]} 18. Bc1 {[%clk 0:48:25]} Nd5 {[%clk
0:40:24]} 19. Nxd5 {[%clk 0:44:48]} Bxd5 {[%clk 0:40:48]} 20. fxe5 {[%clk
0:44:18]} Nxe5 {[%clk 0:39:57]} 21. Nf3 {[%clk 0:35:15]} Nxf3 {[%clk 0:31:30]}
22. Bxf3 {[%clk 0:35:37]} Rac8 {[%clk 0:31:01]} 23. Bb2 {[%clk 0:35:21]} Bb3
{[%clk 0:29:12]} 24. Qe1 {[%clk 0:32:40]} Rc2 {[%clk 0:27:59]} 25. Bc1 {[%clk
0:26:09]} Bc5 {[%clk 0:22:00]} 26. Qa5 {[%clk 0:21:19]} b6 {[%clk 0:22:01]} 27.
Qa6 {[%clk 0:21:47]} Bd5 {[%clk 0:20:18]} 28. d4 {[%clk 0:14:24]} Bxf3+ {[%clk
0:14:44]} 29. Rxf3 {[%clk 0:14:53]} Qxd4 {[%clk 0:14:37]} 30. Be3 {[%clk
0:14:33]} Qe4 {[%clk 0:14:34]} 31. Bxc5 {[%clk 0:12:11]} Rxe2 {[%clk 0:14:40]}
32. Rf1 {[%clk 0:12:31]} Qxf3+ {[%clk 0:14:29]} 33. Rxf3 {[%clk 0:12:54]} Re1+
{[%clk 0:12:50]} 34. Bg1 {[%clk 0:13:14]} Rdd1 {[%clk 0:13:19]} 35. Qxb6 {[%clk
0:13:14]} 1-0

[Event "Greek Team Championship"]
[Site "chess24.com"]
[Date "2017.07.05"]
[Round "4"]
[White "Nikoleris, Stefanos"]
[Black "Georgiev, Krum"]
[Result "0-1"]
[Board "4"]
[WhiteElo "1936"]
[WhiteCountry "GRE"]
[WhiteFideId "4206509"]
[WhiteEloChange "-2"]
[BlackElo "2357"]
[BlackTitle "GM"]
[BlackCountry "BUL"]
[BlackFideId "2900092"]
[BlackEloChange "2"]

1. Nf3 {[%clk 1:30:33]} Nf6 {[%clk 1:30:39]} 2. d3 {[%clk 1:30:27]} g6 {[%clk
1:30:50]} 3. g3 {[%clk 1:30:29]} Bg7 {[%clk 1:31:06]} 4. Bg2 {[%clk 1:30:53]} O-O
{[%clk 1:31:21]} 5. O-O {[%clk 1:31:08]} d6 {[%clk 1:31:35]} 6. Nbd2 {[%clk
1:29:06]} c5 {[%clk 1:30:45]} 7. c4 {[%clk 1:26:36]} Nc6 {[%clk 1:30:46]} 8. Ne1
{[%clk 1:24:49]} Bd7 {[%clk 1:29:41]} 9. Nc2 {[%clk 1:17:47]} Rb8 {[%clk
1:29:38]} 10. Rb1 {[%clk 1:13:57]} b5 {[%clk 1:29:01]} 11. cxb5 {[%clk 1:13:57]}
Rxb5 {[%clk 1:29:26]} 12. Ne3 {[%clk 1:06:57]} Rb8 {[%clk 1:26:13]} 13. Ndc4
{[%clk 1:05:54]} Qc8 {[%clk 1:21:50]} 14. b3 {[%clk 1:00:17]} Nd4 {[%clk
1:18:37]} 15. Nd5 {[%clk 0:59:15]} Nxd5 {[%clk 1:18:19]} 16. Bxd5 {[%clk
0:59:39]} Nb5 {[%clk 1:10:24]} 17. Bd2 {[%clk 0:57:47]} e6 {[%clk 1:09:37]} 18.
Bg2 {[%clk 0:57:53]} d5 {[%clk 1:09:59]} 19. a4 {[%clk 0:49:40]} dxc4 {[%clk
1:06:56]} 20. axb5 {[%clk 0:50:02]} cxd3 {[%clk 1:07:06]} 21. exd3 {[%clk
0:49:27]} Bxb5 {[%clk 1:07:24]} 22. Bf4 {[%clk 0:43:56]} Rb6 {[%clk 1:07:15]} 23.
Re1 {[%clk 0:40:21]} Rd8 {[%clk 1:06:11]} 24. Bf1 {[%clk 0:39:03]} Bd4 {[%clk
1:05:54]} 25. Be3 {[%clk 0:33:57]} Bc6 {[%clk 0:54:55]} 26. Bg5 {[%clk 0:23:37]}
Rd7 {[%clk 0:54:25]} 27. Bh3 {[%clk 0:23:08]} Rdb7 {[%clk 0:52:36]} 28. Bh6
{[%clk 0:18:43]} Qd7 {[%clk 0:52:25]} 0-1

[Event "Greek Team Championship"]
[Site "chess24.com"]
[Date "2017.07.05"]
[Round "4"]
[White "Iordanidou, Zoi"]
[Black "Seretaki, Konstantina"]
[Result "1/2-1/2"]
[Board "5"]
[WhiteElo "2069"]
[WhiteCountry "GRE"]
[WhiteFideId "4209192"]
[WhiteEloChange "-8"]
[BlackElo "1572"]
[BlackCountry "GRE"]
[BlackFideId "4206215"]
[BlackEloChange "8"]

1. e4 {[%clk 1:30:47]} e6 {[%clk 1:30:45]} 2. d3 {[%clk 1:31:00]} c5 {[%clk
1:29:30]} 3. Nd2 {[%clk 1:30:54]} Nc6 {[%clk 1:28:21]} 4. g3 {[%clk 1:30:41]} d5
{[%clk 1:26:56]} 5. Bg2 {[%clk 1:30:29]} Nf6 {[%clk 1:22:44]} 6. Ngf3 {[%clk
1:29:11]} d4 {[%clk 1:19:24]} 7. a4 {[%clk 1:19:47]} Be7 {[%clk 1:14:16]} 8. O-O
{[%clk 1:18:46]} e5 {[%clk 1:12:27]} 9. Nc4 {[%clk 1:15:13]} Qc7 {[%clk 1:11:46]}
10. Nh4 {[%clk 1:14:45]} Bg4 {[%clk 0:58:20]} 11. f3 {[%clk 1:14:40]} Be6 {[%clk
0:58:01]} 12. f4 {[%clk 1:09:20]} Nd7 {[%clk 0:54:03]} 13. Na3 {[%clk 1:05:26]}
f6 {[%clk 0:47:22]} 14. fxe5 {[%clk 0:59:01]} Ndxe5 {[%clk 0:46:38]} 15. Nf5
{[%clk 0:59:04]} Bf8 {[%clk 0:37:53]} 16. Bd2 {[%clk 0:43:19]} O-O-O {[%clk
0:37:14]} 17. Qe1 {[%clk 0:24:08]} g6 {[%clk 0:30:26]} 18. Nh4 {[%clk 0:24:30]}
Be7 {[%clk 0:30:07]} 19. Nf3 {[%clk 0:24:01]} Rdf8 {[%clk 0:27:51]} 20. Nxe5
{[%clk 0:20:02]} fxe5 {[%clk 0:27:20]} 21. Bh6 {[%clk 0:20:22]} Rxf1+ {[%clk
0:26:14]} 22. Qxf1 {[%clk 0:20:45]} Qd7 {[%clk 0:26:03]} 23. Qe2 {[%clk 0:11:54]}
Nd8 {[%clk 0:25:39]} 24. Bg7 {[%clk 0:12:02]} Rg8 {[%clk 0:25:42]} 25. Bxe5
{[%clk 0:12:11]} Nf7 {[%clk 0:25:27]} 26. Bf4 {[%clk 0:12:32]} g5 {[%clk
0:25:38]} 27. Bd2 {[%clk 0:12:25]} Ne5 {[%clk 0:25:23]} 28. Rf1 {[%clk 0:08:55]}
Bg4 {[%clk 0:23:53]} 29. Qe1 {[%clk 0:09:03]} Qxa4 {[%clk 0:21:55]} 30. Rf2
{[%clk 0:02:31]} h6 {[%clk 0:17:19]} 31. Qf1 {[%clk 0:02:09]} Qe8 {[%clk
0:16:19]} 32. b3 {[%clk 0:01:17]} Rf8 {[%clk 0:16:05]} 33. Rxf8 {[%clk 0:01:29]}
Qxf8 {[%clk 0:16:02]} 34. Qxf8+ {[%clk 0:01:31]} Bxf8 {[%clk 0:16:30]} 35. Kf2
{[%clk 0:01:55]} a6 {[%clk 0:15:01]} 36. h3 {[%clk 0:01:59]} Be6 {[%clk 0:14:58]}
37. Nc4 {[%clk 0:02:03]} Nxc4 {[%clk 0:14:06]} 38. dxc4 {[%clk 0:02:29]} Bg7
{[%clk 0:13:48]} 39. Bf1 {[%clk 0:02:31]} b6 {[%clk 0:11:44]} 40. Kf3 {[%clk
0:32:20]} 1/2-1/2